|
|
|
|
| LEADER |
00938nam a2200265 i 4500 |
| 001 |
c000059978 |
| 003 |
CARM |
| 005 |
00000000000000.0 |
| 008 |
760428s1974 quc 00011 fre d |
| 015 |
|
|
|a C74-5493-7
|
| 019 |
1 |
|
|a 203223
|5 LACONCORD2021
|
| 020 |
|
|
|b br. :
|c $3.75
|
| 035 |
|
|
|a (OCoLC)2203176
|5 LACONCORD2021
|
| 040 |
|
|
|a CaOONL
|b fre
|c CaOONL
|
| 055 |
0 |
2 |
|a PS8573*
|
| 100 |
1 |
|
|a Lemay, Michel,
|d 1948-
|
| 245 |
1 |
2 |
|a L'affaire :
|b roman /
|c Michel Lemay.
|
| 260 |
|
|
|a Montreal :
|b L'Aurore,
|c 1974.
|
| 300 |
|
|
|a 188 p. ;
|c 18 cm.
|
| 490 |
0 |
|
|a Collection L'Amelanchier ; v.1
|
| 852 |
8 |
|
|b CARM
|h A2:AE30G0
|i A00290
|p 0052518
|f BK
|
| 082 |
0 |
4 |
|a C843/.5/4
|
| 265 |
|
|
|a Maison de Diffusion-Quebec, 221 ouest, Saint-Paul, Montreal, Quebec H2Y 2A2
|
| 999 |
f |
f |
|i f756ccc4-5ca0-5670-a900-a8191765aca6
|s 908d4606-3689-5164-97f1-caed8ed5972c
|
| 952 |
f |
f |
|p Can circulate
|a CAVAL
|b CAVAL
|c CAVAL
|d CARM 1 Store
|e A00290
|f A2:AE30G0
|h Other scheme
|i book
|m 0052518
|